| 000 | 01905nam a2200553 i 4500 | ||
|---|---|---|---|
| 001 | 15594 | ||
| 003 | KOSZ 005 | ||
| 005 | 20240405063024.0 | ||
| 008 | 200421s1972 pl a g 001 0 pol | ||
| 015 | _aUWD 1973/2930 | ||
| 035 | _a991033198119705066 | ||
| 035 | _a(PL-WaBN)b18894422-48omnis_nlop | ||
| 035 | _ab18894422 | ||
| 035 | _a(OCoLC)750673060 | ||
| 035 | _a(PL)b0000001889442 | ||
| 035 | _a(EXLNZ-48OMNIS_NETWORK)9910186696605606 | ||
| 040 |
_aWA N _cWA N _dKOSZ 005/RW |
||
| 041 | 0 |
_apol _beng _bger _brus |
|
| 045 |
_bd1800 _bd1945 |
||
| 046 | _k1972 | ||
| 080 | _a33.01 | ||
| 080 | _a338.22(430) | ||
| 100 | 1 |
_aChodorowski, Jerzy _d(1920-2011) _eAutor |
|
| 245 | 1 | 0 |
_aNiemiecka doktryna gospodarki wielkiego obszaru : _b(Grossraumwirtschaft) : 1800-1945 / _cJerzy Chodorowski ; Instytut Śląski w Opolu. |
| 260 |
_aWrocław : _bZakład Narodowy im. Ossolińskich, _c1972. |
||
| 300 |
_a423 strony : _berrata ; _c24 cm. |
||
| 336 |
_aTekst _btxt _2rdacontent |
||
| 337 |
_aBez urządzenia pośredniczącego _bn _2rdamedia |
||
| 338 |
_aWolumin _bnc _2rdacarrier |
||
| 380 | _aKsiążki | ||
| 380 | _aPublikacje naukowe | ||
| 388 | _a1901-2000 | ||
| 388 | _a1945-1989 | ||
| 504 | _aBibliografia na stronach [396]-406. Indeksy. | ||
| 546 | _aStreszczenie w języku rosyjskim, angielskim, niemieckim. | ||
| 648 | 7 |
_a1801-1900 _2DBN |
|
| 648 | 7 |
_a1901-2000 _2DBN |
|
| 650 | 7 |
_aNauki ekonomiczne _2DBN |
|
| 650 | 7 | _aGospodarka | |
| 650 | 7 | _aPolityka | |
| 651 | 7 |
_aNiemcy _2DBN |
|
| 655 | 7 | _aOpracowanie | |
| 658 | _aGospodarka, ekonomia, finanse | ||
| 658 | _aHistoria | ||
| 710 | 2 |
_aZakład Narodowy im. Ossolińskich _bWydawnictwo _4pbl |
|
| 856 |
_uhttp://koha.tu.koszalin.pl/cgi-bin/koha/opac-detail.pl?biblionumber=15594 _yKatalog online BPK |
||
| 942 |
_2UKD _cKS |
||
| 999 |
_c15594 _d15594 |
||